FINAL YEAR DIPLOMA IN PHARMACY PHARMACEUTICAL CHEMISTRY- II (Record no. 6029)

MARC details
000 -LEADER
fixed length control field 00448nam a22001697a 4500
005 - DATE AND TIME OF LATEST TRANSACTION
control field 20230112114508.0
008 - FIXED-LENGTH DATA ELEMENTS--GENERAL INFORMATION
fixed length control field 200225b xxu||||| |||| 00| 0 eng d
020 ## - INTERNATIONAL STANDARD BOOK NUMBER
ISBN 978-81-239-2938-5
041 ## - LANGUAGE CODE
Language code of text/sound track or separate title eng
082 ## - DEWEY DECIMAL CLASSIFICATION NUMBER
Classification number 615.19
100 ## - MAIN ENTRY--AUTHOR NAME
Personal name RAJASEKARAN, V N
245 ## - TITLE STATEMENT
Title FINAL YEAR DIPLOMA IN PHARMACY PHARMACEUTICAL CHEMISTRY- II
260 ## - PUBLICATION, DISTRIBUTION, ETC. (IMPRINT)
Place of publication NEW DELHI
Name of publisher CBS
Year of publication 2020
300 ## - PHYSICAL DESCRIPTION
Number of Pages 459 p,
650 ## - SUBJECT ADDED ENTRY--TOPICAL TERM
Topical Term PHARMACY
General subdivision D.PHARMA
942 ## - ADDED ENTRY ELEMENTS (KOHA)
Koha item type Books
Holdings
Lost status Damaged status Collection code Home library Current library Shelving location Date acquired Source of acquisition Cost, normal purchase price Full call number Accession Number Koha item type
    PHARMACY JRU Library JRU Library SHELF-19-E 25/02/2020 PURCHESS 320.00 615.19 23632 Books
    PHARMACY JRU Library JRU Library SHELF-18-D 25/02/2020 PURCHESS 320.00 615.19 23633 Books
    PHARMACY JRU Library JRU Library SHELF-18-D 25/02/2020 PURCHESS 320.00 615.19 23634 Books
    PHARMACY JRU Library JRU Library SHELF-18-D 25/02/2020 PURCHESS 320.00 615.19 23635 Books
    Reference JRU Library JRU Library SHELF-5-B 25/02/2020 PURCHESS 320.00 615.19 23636 Books
    PHARMACY JRU Library JRU Library SHELF-18-D 09/02/2022 PURCHASE 385.00 615.19 26007 Books
    PHARMACY JRU Library JRU Library SHELF-18-D 09/02/2022 PURCHASE 385.00 615.19 26008 Books